000 00400nab a2200145Ia 4500
003 ES-SlBCS
005 20210601131732.0
008 140529s1954 xxu||||| |||| 00| 0 fre d
041 _afre
100 1 _aAlbert, Jean
_9188422
245 0 0 _aOn demande des faillites
_c Jean Albert
650 0 4 _aQuiebra
_9171340
773 0 _tVie Intelectuelle (La)
_gnº. 4, 1954, págs. 108-110
_wRev907
942 _cAR
999 _c567884
_d567884